000 00690nam a2200289Ia 4500
005 20260324131215.0
008 008 260324s9999 xx 000 0 eng d
020 _a9780203001226
037 _aEBOOK
040 _aCRL
040 _beng
040 _cCRL
041 _2eng
041 _aeng
084 _qCRL
100 _aClifford Guy
_91184631
245 0 _aPlanning for Retail Development
245 2 _bA Critical View of the British Experience
260 _bTaylor and Francis
260 _c2006
365 _a
365 _b240
856 _uhttp://www.taylorfrancis.com/books/9780203001226
942 _cEBOOK
999 _c1781576
_d1781576